| 000 | 00456ntaaa2200181 4500 | ||
|---|---|---|---|
| 003 | 01 | ||
| 005 | 20251027202752.0 | ||
| 008 | 0714s1973 ag 01 | ||
| 040 |
_aAR-BaBN _bspa _cAR-BaBN _eaacr _dRIC |
||
| 082 | _a801.0000 J96 | ||
| 100 |
_aJünemann, Guillermo _927795 |
||
| 245 | _aEstética literaria | ||
| 250 | _a1 ed. | ||
| 260 |
_aFriburgo de Brisgovia : _bHerder y Cía, _c1924 |
||
| 300 | _axii, 417 p | ||
| 650 |
_aliteratura _99973 |
||
| 942 | _cBK | ||
| 999 |
_c22956 _d22956 |
||